[Event "El Puerto St Maria op 17th"]
[Site "Cadiz"]
[Date "2002.07.30"]
[Round "2.9"]
[White "Cordon Gutierrez, Juan Pedro"]
[Black "Vadillo Vidal, Juan Luis"]
[Result "1-0"]
[WhiteElo "2129"]
[BlackElo "1888"]
[PlyCount "113"]
[EventDate "2002.07.29"]
[EventType "swiss"]
[EventRounds "7"]
[EventCountry "ESP"]
[SourceTitle "EXT 2004"]
[Source "ChessBase"]
[SourceDate "2003.11.25"]
[SourceVersion "1"]
[SourceVersionDate "2003.11.25"]
[SourceQuality "1"]

1. e4 c5 2. c3 Nc6 3. d4 cxd4 4. Nf3 d6 5. cxd4 Qa5+ 6. Bd2 Qb6 7. Bc3 Nf6 8. d5 Ne5 9. Nxe5 dxe5 10. Be2 Bd7 11. Nd2 Qc7 12. Rc1 Rc8 13. 0-0 e6 14. dxe6 Bxe6 15. Bb5+ Bd7 16. Bxe5 Qxc1 17. Qxc1 Rxc1 18. Rxc1 Bxb5 19. Rc8+ Kd7 20. Rc7+ Ke6 21. Bxf6 gxf6 22. Rxb7 a6 23. g3 Bd6 24. f4 Rb8 25. f5+ Ke5 26. Rxf7 Rc8 27. b3 Rc1+ 28. Kf2 Rc2 29. Ke1 Bb4 30. a3 Rc1+ 31. Kf2 Bxd2 32. Re7+ Kd6 33. Re6+ Kd7 34. Rxf6 Ke7 35. Re6+ Kf7 36. a4 Bd3 37. h4 Rf1+ 38. Kg2 Re1 39. e5 Bc3 40. Rd6 a5 41. Rd7+ Ke8 42. Rxd3 Bxe5 43. Kf2 Re4 44. Kf3 Re1 45. g4 Rh1 46. Ke4 Bf6 47. h5 Re1+ 48. Kf3 Be7 49. Rd5 Bb4 50. h6 Rh1 51. g5 Rh3+ 52. Kg4 Rxb3 53. g6 hxg6 54. fxg6 Bc3 55. Kf5 Kf8 56. Rd8+ Ke7 57. g7 1-0